00681nam a2200181 a 4500008004100000020001500041050001500056100003200071245014900103260004000252350000900292490003000301500005500331650004100386650003000427700002700457710001500484071102s2002 ||||||||||||||||| || u a0821350684 aHM 708 Und aGrootaert, Christiaan, 195010aUnderstanding and measuring social capital: a multidisciplinary tool for practitionerscedited by Christiaan Grootaert and Thierry van Bastelaer aWashington, D. C.bWorld Bankc2002 a0.00 aDirections in development aA Text accompanied by a CD-ROM (See Cybrary Staff) aSOCIAL CAPITAL (SOCIOLOGY)--COLOMBIA aINFRASTRUCTURE--ECONOMICS aBastelaer, Thierry van aWorld Bank